[Event "It (open) (active)"]
[Site "masterchessopen.com – Bastia (France)"]
[Round "3"]
[White "Paragua Mark (PHI)"]
[Black "Baklan Vladimir (UKR)"]
[Result "0-1"]
[WhiteElo "2534"]
[BlackElo "2591"]

{ Baklan Vladimir (UKR) +2 =2 -0 } 1.Nf3 { 1 } 1...c5 2.e4 Nc6 3.d4 cxd4
4.Nxd4 Nf6 5.Nc3 d6 6.Be2 e5 7.Nf3 h6 8.O-O Be7 9.h3 O-O 10.Re1 a6 ( 10...Be6
11.Bf1 Nh7 12.Nd5 Ng5 13.Nxe7+ Qxe7 14.Nxg5 hxg5 15.Be3 Rad8 16.c4 f6 17.Qd2
b6 18.f3 Rd7 19.Red1 Rc8 20.Rac1 Na5 21.Qb4 g6 22.b3 Kg7 23.Rd3 Nc6 24.Qd2 Nd8
25.Rd1 Nb7 26.Qb2 Qd8 27.R3d2 Kf7 28.Qa3 a5 29.Qb2 Ke7 30.Rd3 { ...1/2-1/2,
Kulaots Kaido 2478 - Baklan Vladimir 2591 , Hamburg 1999 It (open) } ) 11.Bf1
{ = } 11...Re8 ( 11...Qc7 12.Nh2 Bd8 13.Ng4 Nxg4 14.hxg4 Be6 15.Be3 Qd7 16.f3
Ba5 17.Re2 Ne7 18.Rd2 Rfd8 19.Qe2 d5 20.exd5 Nxd5 21.Qf2 Bxc3 22.bxc3 Qc7
23.Rad1 Qxc3 24.Rd3 Qc7 25.Bc5 Rac8 26.c4 Qxc5 27.cxd5 Rxd5 28.Rxd5 Bxd5
29.Qxc5 Rxc5 30.a3 Kf8 { 0-1, Volokitin Andrei 2447 - Avrukh Boris 2625 , Biel
2000 It (open) } ) ( 11...Be6 12.a4 Rc8 13.b3 Qa5 14.Bb2 Rfd8 15.Qd2 Nb4
16.Rac1 d5 17.Nxd5 Nfxd5 18.exd5 Rxd5 19.Bd3 Nxd3 20.Qxa5 Rxa5 21.cxd3 Rxc1
22.Rxc1 Bxb3 23.Rc7 Bf6 24.Rxb7 Bxa4 25.d4 e4 26.Rb8+ Kh7 27.Ne5 Rb5 28.Rxb5
Bxb5 29.Nxf7 Kg6 30.Nd6 Bc6 31.g4 { ...0-1, Zelcic Robert 2561 - Dreev Alexey
2679 , Las Vegas 1999 Ch World FIDE (play-off) } ) 12.b3 ( 12.a4 Nb4 13.Bc4
Be6 14.Bxe6 fxe6 15.Na2 Nxa2 16.Rxa2 d5 17.Nxe5 dxe4 18.Ra1 Rc8 19.c3 Qd5
20.Ng4 Nd7 21.Be3 h5 22.Nh2 Ne5 23.Qe2 Nd3 24.Red1 Rcd8 25.Rd2 Qf5 26.Rad1 e5
27.f3 exf3 28.Nxf3 e4 29.Ne1 Ne5 { 1/2-1/2, Balinov Ilija 2560 - Baklan
Vladimir 2570 , Graz 1997 It (open) } ) ( 12.Be3 Bf8 13.a4 Nb4 14.Bc4 Bd7
15.a5 Bc6 16.Nd5 Nbxd5 17.exd5 Bd7 18.b4 Rc8 19.Bb6 Qe7 20.Bb3 Nh7 21.c4 Qf6
22.Rc1 Ng5 23.Re3 Qg6 24.Nxg5 hxg5 25.Ba4 Bxa4 26.Qxa4 g4 27.Qd7 gxh3 28.Rxh3
Qg5 29.Rhc3 Qe7 30.Qg4 g6 31.c5 Qf6 { ...1-0, Zude Erik Dr 2335 - Hans Oliver,
Wiesbaden 1990 It (open) } ) 12...b6 ( 12...Bf8 13.Bb2 b5 14.Qd2 Bb7 15.a3 Rc8
16.a4 b4 17.Nd5 Nxd5 18.Qxd5 Na5 19.Qd2 Qb6 20.Bd3 g6 21.Nh2 Bg7 22.Ng4 h5
23.Ne3 Bh6 24.Qe2 Bxe3 25.Qxe3 Qxe3 26.Rxe3 Rc5 27.Rd1 Rec8 28.Re2 R5c6 29.f4
Rc5 30.Rf2 R8c7 31.fxe5 dxe5 32.Rf6 { ...1/2-1/2, Torre Eugenio 2540 - Timman
Jan H 2620 , Brussels 1986 It (cat.13) } ) 13.Bb2 Bf8 { N } ( 13...Bb7 14.Qd2
Qc7 15.Rad1 Rad8 16.Bc4 Nb8 17.Qe2 b5 18.Nd5 Bxd5 19.Bxd5 Nxd5 20.Rxd5 Nd7
21.Nh2 Rc8 22.c3 Nc5 23.Nf1 Qb7 24.Ng3 Red8 25.Nf5 Bf8 26.Red1 Qc6 27.Ba3 Ne6
28.Bxd6 Nf4 29.Qg4 Nxd5 30.exd5 Qe8 31.Be7 g6 32.Bxd8 Qxd8 33.c4 { ...0-1,
Olivier Pierre 2270 - Kosten Anthony C 2500 , Cannes 1989 It (open) } ) 14.Qd2
( 14.Nb1 Ne7 15.c4 g5 16.Qd2 Ng6 17.Nc3 Nf4 18.Rad1 N6h5 19.Nh2 Ng7 20.Ba3 Ra7
21.c5 bxc5 22.Bxc5 Rd7 23.Be3 f5 24.Bxf4 gxf4 25.Bc4+ Kh8 26.Qd5 Be7 27.exf5
Nxf5 28.Qe4 Ra7 29.Ng4 Bd7 30.Bd3 Bg5 31.Bb1 Qe7 32.Qb4 h5 33.Nh2 Qg7 {
...0-1, Xie Jun 2465 - Galliamova-Ivanchuk Alisa 2496 , Borzhomi 1990
Tournament (candidates) (w) } ) ( 14.Nd5 Nxd5 15.exd5 { } ) 14...Bb7 15.Rad1
Rc8 { } ( 15...Qc7 16.Nd5 Nxd5 17.exd5 Nb8 18.Nh4 Nd7 19.Nf5 Kh7 20.f4 g6
21.Ng3 f5 22.c4 Bg7 23.Bd3 b5 24.Kh1 bxc4 25.bxc4 e4 26.Bxg7 Kxg7 27.Bb1 Nc5
28.Nf1 h5 29.Ne3 Rh8 30.Bc2 Kf7 31.Rb1 Rab8 32.Qc3 h4 33.Rg1 Ba8 34.a4 { 0-1,
Fishbein Alexander 2495 - Fedorowicz John P 2545 , New York 1993 It (open) } )
16.Nd5 { N } 16...Nxd5 17.exd5 Nb8 18.c4 a5 19.g3 Nd7 20.Nh4 Rc7 21.f4 exf4 {
?! } ( 21...a4 { !? } 22.fxe5 Nxe5 23.Bd4 g5 { } ) 22.Rxe8 Qxe8 23.gxf4 { ?! }
( 23.Re1 { !? } 23...Qd8 24.Qxf4 Qg5 25.Qxg5 { } ) 23...Nc5 24.Kh2 Bc8 25.f5
Re7 26.f6 Re3 27.fxg7 Bxg7 28.Qg2 { ?? } ( 28.Bxg7 { ! } 28...Kxg7 29.Qd4+ f6
30.Rd2 { } ) 28...Rxh3+ { } {#R} 0-1

[Event "Ch India"]
[Site "masterchessopen.com – Calicut (India)"]
[Round "9"]
[White "Thipsay Praveen M (IND)"]
[Black "Das Arghyadip (IND)"]
[Result "1-0"]
[WhiteElo "2464"]
[BlackElo "2353"]

1.e4 c5 2.Nf3 d6 3.d4 cxd4 4.Nxd4 Nf6 5.Nc3 Nc6 6.Be2 e5 7.Nf3 h6 8.O-O Be7
9.Re1 O-O 10.h3 a6 11.Bf1 Qc7 12.b3 Nd4 13.Bb2 Nxf3+ 14.Qxf3 b5 15.Bd3 Bb7
16.Nd5 Nxd5 17.exd5 f5 18.c4 e4 19.Rxe4 Bf6 20.Re2 Bxb2 21.Rxb2 bxc4 22.bxc4
Rae8 23.Re2 Rxe2 24.Qxe2 Bc8 25.Rb1 f4 26.Qh5 Qf7 27.Qg6 Rd8 28.Rb8 Qc7
29.Qh7+ Kf7 30.Rb2 f3 31.Bg6+ Kf6 32.Rb3 fxg2 {#r} 1-0

[Event "Simultan"]
[Site "masterchessopen.com – Clichy (France)"]
[Round "0"]
[White "Apicella Manuel (FRA)"]
[Black "Herard Patrick (FRA)"]
[Result "1-0"]
[WhiteElo "2543"]
[BlackElo "2007"]

1.e4 c5 2.Nf3 Nc6 3.d4 cxd4 4.Nxd4 Nf6 5.Nc3 d6 6.Be2 e5 7.Nf3 h6 8.O-O Be6
9.Re1 Be7 10.h3 O-O 11.Bf1 Rc8 12.b3 a6 13.a4 Qc7 14.Bb2 Rfd8 15.Nd5 Bxd5
16.exd5 Na5 17.c4 b6 18.Rc1 Nb7 19.c5 bxc5 20.Bxa6 Qb6 21.Bb5 Nd7 22.Nd2 Na5
23.Nc4 Nxc4 24.bxc4 Bg5 25.Ra1 Ra8 26.Bc3 Nb8 27.a5 Qa7 28.a6 f5 29.Qh5 Rf8
30.h4 Bd8 31.f4 e4 32.g4 Nd7 33.g5 Kh7 34.Kh1 Rg8 35.g6+ {#r} 1-0

[Event "Ch Ligue"]
[Site "masterchessopen.com – Evry (France)"]
[Round "2"]
[White "Claude Daniel (FRA)"]
[Black "Tomovic Budimir (FRA)"]
[Result "1-0"]
[WhiteElo "2093"]
[BlackElo "1665"]

1.e4 c5 2.Nf3 Nc6 3.d4 cxd4 4.Nxd4 Nf6 5.Nc3 d6 6.Be2 e5 7.Nf3 h6 8.O-O Be7
9.h3 a6 10.a4 O-O 11.Nh2 Be6 12.f4 Nd4 13.f5 Nxe2+ 14.Qxe2 Bd7 15.Ng4 Nxg4
16.Qxg4 Bg5 17.Bxg5 hxg5 18.Nd5 Bc6 19.f6 Bxd5 20.Qxg5 {#r} 1-0

[Event "It (open) (juniors) (under 16)"]
[Site "masterchessopen.com – Hengelo (Netherlands)"]
[Round "5"]
[White "Pandelaar Vincent (NED)"]
[Black "Brandenburg Daan (NED)"]
[Result "0-1"]
[WhiteElo "2059"]
[BlackElo "2340"]

1.e4 c5 2.Nf3 Nc6 3.d4 cxd4 4.Nxd4 Nf6 5.Nc3 d6 6.Be2 e5 7.Nf3 h6 8.O-O Be7
9.h3 O-O 10.Be3 Be6 11.a4 Rc8 12.Qd2 a6 13.Rfd1 Na5 14.Rac1 Nc4 15.Bxc4 Bxc4
16.Kh1 Be6 17.Nd5 Nxe4 18.Nxe7+ Qxe7 19.Qb4 Rc4 20.Qa3 Qf6 21.c3 Bxh3 {#R} 0-1

[Event "Ch Greece (team)"]
[Site "masterchessopen.com – Kallithea (Greece)"]
[Round "9"]
[White "Schmaltz Roland (GER)"]
[Black "Gelashvili Tamaz (GEO)"]
[Result "0-1"]
[WhiteElo "2528"]
[BlackElo "2576"]

1.e4 c5 2.Nf3 d6 3.d4 cxd4 4.Nxd4 Nf6 5.Nc3 Nc6 6.Be2 e5 7.Nf3 h6 8.O-O Be7
9.Re1 O-O 10.h3 Be6 11.Bf1 Qd7 12.b3 Bd8 13.Na4 Bc7 14.c4 Rad8 15.Ba3 Nh7
16.Qe2 Ng5 17.Nxg5 hxg5 18.Bb2 Qe7 19.Red1 g6 20.Bc3 f6 21.b4 Kg7 22.Qe3 b6
23.Rd2 Qf7 24.Nb2 Rh8 25.Be2 Rh4 26.Rad1 Ne7 27.a4 a5 28.bxa5 bxa5 29.Qa7 Nc8
30.Qa6 Rdh8 31.Bxa5 Bxh3 32.gxh3 Rxh3 33.f3 f5 34.Rxd6 Bxd6 35.Rxd6 fxe4 36.f4
Rh1+ {#R} 0-1

[Event "It (open)"]
[Site "masterchessopen.com – San Salvador (El Salvador)"]
[Round "9"]
[White "Montenegro Pedro (CRC)"]
[Black "Zepeda Sonia (ESA)"]
[Result "0-1"]
[WhiteElo "2109"]
[BlackElo "2033"]

1.e4 c5 2.Nf3 Nc6 3.d4 cxd4 4.Nxd4 Nf6 5.Nc3 d6 6.Be2 e5 7.Nf3 h6 8.h3 Be6
9.O-O Be7 10.Be3 O-O 11.Qd2 a6 12.Rad1 b5 13.a3 Rc8 14.Bd3 Na5 15.Qc1 Nc4
16.Rfe1 Nxa3 17.Na2 Bxa2 18.Qa1 Nxc2 19.Bxc2 Rxc2 20.Qxa2 Qa8 21.Ra1 Nxe4
22.Qb3 Rc4 23.Qd3 Rfc8 24.Bc1 Nc5 25.Qd2 Nb3 {#R} 0-1

[Event "Cup Russia (open)"]
[Site "masterchessopen.com – St. Petersburg (Russia)"]
[Round "7"]
[White "Shaginjan Armen (RUS)"]
[Black "Melnikova Yana (RUS)"]
[Result "1-0"]
[WhiteElo "2352"]
[BlackElo "2223"]

1.e4 c5 2.Nf3 Nc6 3.d4 cxd4 4.Nxd4 Nf6 5.Nc3 d6 6.Be2 e5 7.Nf3 h6 8.O-O Be7
9.b3 O-O 10.Bb2 Be6 11.Re1 Nb8 12.Bf1 Nbd7 13.h3 Rc8 14.Qd2 Qc7 15.Rac1 a6
16.a4 Qc6 17.Rcd1 Rfd8 18.Re2 Bf8 19.g3 b5 20.axb5 axb5 21.Bg2 Nc5 22.Nh4 Qd7
23.g4 g6 24.Nd5 Bxd5 25.exd5 Bg7 26.Rde1 Ra8 27.f4 Ra2 28.fxe5 dxe5 29.Bxe5
Nxd5 30.Bxg7 Kxg7 31.Qd4+ {#r} 1-0

[Event "Zt"]
[Site "masterchessopen.com – Yongchuan (China)"]
[Round "3"]
[White "Wu Wenjin (CHN)"]
[Black "Zhang Zhong (SIN)"]
[Result "1-0"]
[WhiteElo "2531"]
[BlackElo "2596"]

1.e4 c5 2.Nf3 Nc6 3.d4 cxd4 4.Nxd4 Nf6 5.Nc3 d6 6.Be2 e5 7.Nf3 h6 8.O-O Be7
9.Re1 O-O 10.h3 Be6 11.Bf1 Rc8 12.Nd5 Bxd5 13.exd5 Nb8 14.a4 Qc7 15.c4 a5
16.Ra3 Na6 17.Nh4 Qd7 18.Rg3 Kh8 19.Bd3 e4 20.Bxe4 Rxc4 21.Bxh6 Rg8 22.Bg5 g6
23.Bd3 {#r} 1-0

[Event "Regionalliga Southwest 2002/03"]
[Site "masterchessopen.com – Germany"]
[Date "2003.01.26"]
[Round "5"]
[White "Karrer Werner (GER)"]
[Black "Czap Bernhard (GER)"]
[Result "0-1"]
[WhiteElo "2090"]
[BlackElo "2166"]

1.e4 c5 2.Nf3 Nc6 3.d4 cxd4 4.Nxd4 Nf6 5.Nc3 d6 6.Be2 e5 7.Nf3 h6 8.O-O Be7
9.h3 O-O 10.Re1 Be6 11.Bf1 Nb8 12.Nd5 Nxd5 13.exd5 Bc8 14.c4 f5 15.b3 Bf6
16.Bb2 g5 17.Qd2 g4 18.hxg4 fxg4 19.Nxe5 dxe5 20.Qxh6 Bg7 21.Qg6 Bf5 22.Qh5
Nd7 23.b4 a5 24.a3 axb4 25.axb4 Rxa1 26.Bxa1 Qf6 27.Qh2 Kf7 28.Qg3 Rh8 29.Bd3
Qh6 30.Kf1 Qd2 {#R} 0-1

[Event "Ch Ukraine (juniors) (under 16)"]
[Site "masterchessopen.com – Ordzhonikidze (Ukraine)"]
[Round "5"]
[White "Kononenko Dmitry (UKR)"]
[Black "Belyaev Ilja (UKR)"]
[Result "1-0"]
[WhiteElo "2188"]
[BlackElo "1990"]

1.e4 c5 2.Nf3 d6 3.d4 cxd4 4.Nxd4 Nf6 5.Nc3 Nc6 6.Be2 e5 7.Nf3 h6 8.O-O Be7
9.Re1 O-O 10.h3 Be6 11.Bf1 Qd7 12.Nd5 Bd8 13.c4 Nh7 14.Be3 Ng5 15.Nd2 f5
16.exf5 Bxf5 17.f4 Ne6 18.g4 Bh7 19.f5 Ned4 20.Bg2 Ba5 21.Rf1 Bxd2 22.Qxd2 h5
23.b4 hxg4 24.hxg4 Qd8 25.b5 Nb8 26.Bg5 Qd7 27.Ne7+ Kf7 28.Bd5+ Ke8 29.Qh2
{#r} 1-0

[Event "Ch Poland (juniors) (under 16)"]
[Site "masterchessopen.com – Leba (Poland)"]
[Date "2004.04.04"]
[Round "11"]
[White "Siembab Bartosz (POL)"]
[Black "Czarnota Pawel (POL)"]
[Result "0-1"]
[WhiteElo "2083"]
[BlackElo "2416"]

1.e4 c5 2.Nf3 d6 3.d4 cxd4 4.Nxd4 Nf6 5.Nc3 Nc6 6.Be2 e5 7.Nf3 h6 8.O-O Be7
9.h3 O-O 10.Re1 Be6 11.Bf1 Qd7 12.Nd5 Bd8 13.c4 Nh7 14.a3 Ng5 15.Nxg5 Bxg5
16.b4 Bxc1 17.Rxc1 Nd4 18.Re3 f5 19.exf5 Bxd5 20.cxd5 Qxf5 21.f3 Qg5 22.Rcc3
Rf7 23.Re4 h5 24.Kh2 Raf8 25.Qc1 Qg6 26.Bd3 Rxf3 27.Rg4 hxg4 {#R} 0-1

[Event "Ch Russia (seniors) (w)"]
[Site "masterchessopen.com – Tula (Russia)"]
[Round "3"]
[White "Grebenshikova Tatyana (RUS)"]
[Black "Kozlovskaya Valentina (RUS)"]
[Result "0-1"]
[WhiteElo "2037"]
[BlackElo "2262"]

1.e4 c5 2.Nf3 Nc6 3.d4 cxd4 4.Nxd4 Nf6 5.Nc3 d6 6.Be2 e5 7.Nf3 Be7 8.h3 O-O
9.O-O h6 10.Be3 Be6 11.Qd2 a6 12.a3 b5 13.Rfd1 Qc8 14.Kh2 Rd8 15.Ng1 Rb8
16.Bf3 Bf8 17.Nd5 Bxd5 18.exd5 Ne7 19.g4 g5 20.Bg2 Ng6 21.Nf3 Bg7 22.Ng1 Nf4
23.Ne2 Nxe2 24.Qxe2 Qc4 25.Qd2 Rdc8 26.c3 Nd7 27.Re1 Re8 28.Bf1 Qc8 29.f3 e4
30.fxe4 Ne5 31.Qf2 Ng6 32.Qxf7+ {#R} 0-1

[Event "Ch Ukraine (1/2 final)"]
[Site "masterchessopen.com – Alushta (Ukraine)"]
[Date "2004.05.12"]
[Round "9"]
[White "Kruglyakov Pavlo (UKR)"]
[Black "Yarmysty Mikhail (UKR)"]
[Result "0-1"]
[WhiteElo "2201"]
[BlackElo "2333"]

1.e4 c5 2.Nf3 d6 3.d4 cxd4 4.Nxd4 Nf6 5.Nc3 Nc6 6.Be2 e5 7.Nf3 h6 8.h3 Be7
9.O-O O-O 10.Re1 Be6 11.Bf1 Qd7 12.Nd5 Bd8 13.c4 Nh7 14.Bd3 Ng5 15.Bxg5 hxg5
16.Nd2 g6 17.g4 Kg7 18.Kg2 Ba5 19.Re3 Bxd2 20.Qxd2 Rh8 21.Rg3 f6 22.Ne3 Bf7
23.Rd1 Nd4 24.Bb1 Rad8 25.b3 Rh4 26.Qc3 Ne2 27.Qd2 Nf4+ 28.Kh2 Rdh8 29.Qxd6
Qe8 30.Rh1 Nxh3 31.Rxh3 {#R} 0-1

[Event "Ukrainian Games (youth)"]
[Site "masterchessopen.com – Simferopol (Ukraine)"]
[Date "2004.05.20"]
[Round "4"]
[White "Kononenko Dmitry (UKR)"]
[Black "Vovk Andrey (UKR)"]
[Result "0-1"]
[WhiteElo "2188"]
[BlackElo "2243"]

1.e4 c5 2.Nf3 d6 3.d4 cxd4 4.Nxd4 Nf6 5.Nc3 Nc6 6.Be2 e5 7.Nf3 h6 8.O-O Be6
9.Re1 Be7 10.h3 O-O 11.Bf1 Rc8 12.Nd5 Nb8 13.Nxe7+ Qxe7 14.b3 Qc7 15.c4 Rfd8
16.Bb2 a5 17.Nd2 Na6 18.f4 Nc5 19.Qf3 Na4 20.Ba3 Nc5 21.Re3 Bd7 22.Rae1 Re8
23.f5 Bc6 24.g4 Kf8 25.h4 h5 26.g5 Ng4 27.Rc3 Kg8 28.Bh3 Qb6 29.Kg2 g6 30.Bxg4
hxg4 31.Qxg4 gxf5 32.Qxf5 Ne6 33.Rf3 Nf4+ 34.Rxf4 exf4 35.g6 Qc7 {#R} 0-1

[Event "Ch Pan-American (juniors) (under 16)"]
[Site "masterchessopen.com – Bogota (Colombia)"]
[Date "2004.07.28"]
[Round "8"]
[White "Guerra Tulcan Lenin (ECU)"]
[Black "Alvarez Javier (COL)"]
[Result "1-0"]
[WhiteElo "2193"]
[BlackElo "2174"]

1.e4 c5 2.Nf3 d6 3.d4 cxd4 4.Nxd4 Nf6 5.Nc3 Nc6 6.Be2 e5 7.Nf3 h6 8.b3 Be6
9.Bb2 Be7 10.O-O Rc8 11.Bd3 O-O 12.Ne2 Bg4 13.Ng3 Nd7 {#r} 1-0

[Event "Ch Europe (juniors) (under 14) (g)"]
[Site "masterchessopen.com – Urgup (Turkey)"]
[Date "2004.08.05"]
[Round "7"]
[White "Kalashyan Varduhi (ARM)"]
[Black "Bokuchava Madona (GEO)"]
[Result "0-1"]
[WhiteElo "2036"]
[BlackElo "1965"]

1.e4 c5 2.Nf3 d6 3.d4 cxd4 4.Nxd4 Nf6 5.Nc3 Nc6 6.Be2 e5 7.Nf3 h6 8.O-O Be7
9.Re1 O-O 10.h3 a6 11.a4 Be6 12.Bf1 Qc7 13.b3 Nd4 14.Bb2 Nxf3+ 15.Qxf3 Rad8
16.Bd3 Nd7 17.b4 Nb6 18.Rad1 Nc4 19.Ba1 Bg5 20.Qe2 Rc8 21.a5 b5 22.axb6 Qxb6
23.Na2 Na3 24.c3 Bb3 25.Bxa6 Bxd1 26.Rxd1 Ra8 27.b5 Qc5 28.Nb4 Nc4 29.Rd5 Qc7
30.Nc6 Nb6 31.Rd3 Rxa6 32.bxa6 Qxc6 33.Qd1 Nc4 34.a7 Qa6 {#R} 0-1

[Event "It (open)"]
[Site "masterchessopen.com – Sautron (France)"]
[Date "2004.10.27"]
[Round "5"]
[White "Gayon Benoit (FRA)"]
[Black "Abergel Thal (FRA)"]
[Result "0-1"]
[WhiteElo "1966"]
[BlackElo "2428"]

1.e4 c5 2.Nf3 d6 3.d4 cxd4 4.Nxd4 Nf6 5.Nc3 Nc6 6.Be2 e5 7.Nf3 h6 8.O-O Be7
9.Be3 O-O 10.Qd2 Be6 11.Rad1 a6 12.Qc1 Rc8 13.a3 b5 14.Ne1 Na5 15.f4 exf4
16.Rxf4 Qc7 17.Nd3 Nc4 18.Bd4 Nd7 19.Rf3 Bg5 20.Qa1 Nde5 21.Nxe5 dxe5 22.Bf2
Nb6 23.h3 Nd7 24.Be3 Bxe3+ 25.Rxe3 a5 26.Bd3 b4 27.Ne2 Qb6 28.Qc1 Nc5 29.Qd2
Rfd8 30.Kh1 b3 31.c3 Bc4 32.Nc1 Nxd3 33.Nxd3 Rd6 34.Qe1 Rcd8 35.Qe2 Qa6 {#R}
0-1

[Event "It (open)"]
[Site "masterchessopen.com – Litomysl (Czech Republic)"]
[Date "2004.12.28"]
[Round "4"]
[White "Srba Milan (CZE)"]
[Black "Kovalev Andrei (BLR)"]
[Result "0-1"]
[WhiteElo "2144"]
[BlackElo "2575"]

1.e4 c5 2.Nf3 Nc6 3.d4 cxd4 4.Nxd4 Nf6 5.Nc3 d6 6.Be2 e5 7.Nf3 h6 8.O-O Be7
9.Re1 O-O 10.h3 Be6 11.Bf1 Qd7 12.Nd5 Bd8 13.c4 Nh7 14.Be3 Ng5 15.Nxg5 Bxg5
16.Qf3 Bxe3 17.fxe3 f5 18.exf5 Rxf5 19.Qe4 Rg5 20.Kh2 Rf8 21.Rad1 Bxh3 22.gxh3
Rf2+ 23.Bg2 Rgxg2+ 24.Qxg2 Rxg2+ 25.Kxg2 Qf5 26.e4 Qg5+ 27.Kh2 Nd4 28.Re3 Qh4
29.Rg1 Qf2+ 30.Rg2 Nf3+ 31.Rxf3 Qxf3 {#R} 0-1

[Event "It (open) (masters)"]
[Site "masterchessopen.com – Abudhabi (United Arab Emirates)"]
[Round "3"]
[White "Pourkashiyan Atousa (IRI)"]
[Black "Raetsky Alexander (RUS)"]
[Result "0-1"]
[WhiteElo "2271"]
[BlackElo "2446"]

1.e4 c5 2.Nf3 Nc6 3.d4 cxd4 4.Nxd4 Nf6 5.Nc3 d6 6.Be2 e5 7.Nf3 h6 8.O-O Be7
9.Re1 O-O 10.h3 Be6 11.Bf1 Qd7 12.Nd5 Bd8 13.c4 Nh7 14.b3 Ng5 15.Nxg5 Bxg5
16.Ba3 Rad8 17.b4 f5 18.b5 Ne7 19.c5 fxe4 20.Nxe7+ Bxe7 21.cxd6 Bh4 22.g3 Bxh3
23.Rxe4 Bxf1 24.Qxf1 Bxg3 25.Qc4+ Kh8 26.fxg3 Rf3 27.Kg2 Rxa3 28.Rd1 Qf5
29.Rf1 Rxa2+ 30.Kg1 Qg6 31.Qxa2 Qxe4 32.Qxa7 Qd3 33.Qf2 Rxd6 {#R} 0-1

[Event "Memorial T.Petrosian (juniors)"]
[Site "masterchessopen.com – Moscow (Russia)"]
[Round "1"]
[White "Sidorchuk Roman (RUS)"]
[Black "Tkachuk Andrey (RUS)"]
[Result "0-1"]
[WhiteElo "1995"]
[BlackElo "2170"]

1.e4 c5 2.Nf3 Nc6 3.d4 cxd4 4.Nxd4 Nf6 5.Nc3 d6 6.Be2 e5 7.Nf3 Be6 8.Ng5 Be7
9.Nxe6 fxe6 10.Bh5+ g6 11.Be2 O-O 12.Bh6 Rf7 13.h4 Qb6 14.f3 Qxb2 15.Bd2 Nd4
16.Bd3 Qb6 17.Rb1 Qc7 18.Ne2 d5 19.c3 dxe4 20.Bxe4 Nxe4 21.fxe4 Nxe2 22.Qxe2
Bc5 23.Qg4 Qd7 24.h5 Qd3 {#R} 0-1

[Event "It (open)"]
[Site "masterchessopen.com – Bad Woerishofen (Germany)"]
[Date "2005.03.03"]
[Round "1"]
[White "Glas Stefan (GER)"]
[Black "Slaby Jerzy (POL)"]
[Result "0-1"]
[WhiteElo "2020"]
[BlackElo "2441"]

1.e4 c5 2.Nf3 Nc6 3.d4 cxd4 4.Nxd4 Nf6 5.Nc3 d6 6.Be2 e5 7.Nf3 h6 8.Be3 Be7
9.Qd2 Be6 10.Rd1 a6 11.O-O Rc8 12.a3 Nb8 13.h3 Nbd7 14.Nh2 Nc5 15.Bxc5 Rxc5
16.Ng4 Bxg4 17.Bxg4 Qc7 18.Be2 O-O 19.Bd3 b5 20.Qe2 g6 21.f4 exf4 22.Rxf4 Rxc3
23.bxc3 Qxc3 24.Rdf1 Nd7 25.e5 Nxe5 26.a4 Bg5 27.Re4 f5 28.Qf2 Bf6 29.Rxe5
Bxe5 30.Qh4 Qd4+ 31.Qxd4 Bxd4+ 32.Kh1 bxa4 {#R} 0-1

[Event "Cup Torch Real Estate"]
[Site "masterchessopen.com – Jinan (China)"]
[Date "2005.04.21"]
[Round "2"]
[White "Lin Chen (CHN)"]
[Black "Gao Rui (CHN)"]
[Result "1-0"]
[WhiteElo "2361"]
[BlackElo "2424"]

1.e4 c5 2.Nf3 d6 3.d4 cxd4 4.Nxd4 Nf6 5.Nc3 Nc6 6.Be2 e5 7.Nf3 h6 8.O-O Be7
9.Re1 O-O 10.h3 a6 11.Bf1 b5 12.b3 Be6 13.Bb2 Qc7 14.Qd2 Rfd8 15.Nd5 Bxd5
16.exd5 Nb8 17.a4 bxa4 18.Rxa4 Qb7 19.c4 Nbd7 20.b4 Rdc8 21.Raa1 Nh7 22.Bd3
Ng5 23.Nd4 Nf6 24.Nc6 Bf8 25.f4 exf4 26.Bxf6 gxf6 27.Qxf4 Re8 28.h4 Ne6 29.Qe4
f5 30.Qxf5 Bg7 31.dxe6 Rxe6 {#r} 1-0

[Event "It"]
[Site "masterchessopen.com – Krasnodar (Russia)"]
[Round "0"]
[White "Panarin Michail (RUS)"]
[Black "Arzumanian Georgy (ARM)"]
[Result "0-1"]
[WhiteElo "2486"]
[BlackElo "2447"]

1.e4 c5 2.Nf3 Nc6 3.Nc3 d6 4.d4 cxd4 5.Nxd4 Nf6 6.Be2 e5 7.Nf3 h6 8.O-O Be7
9.Re1 O-O 10.h3 Be6 11.Bf1 Rc8 12.Nd5 Bxd5 13.exd5 Nb8 14.c4 Nbd7 15.Be3 b6
16.b4 Nh7 17.Qa4 Rc7 18.Qa6 f5 19.a4 Ng5 20.Nxg5 Bxg5 21.Bxg5 hxg5 22.a5 Qf6
23.axb6 axb6 24.Ra3 e4 25.Qb5 Qd4 26.Rea1 f4 27.Ra7 Rxa7 28.Rxa7 Ne5 29.c5 f3
30.g3 Nd3 31.Ra2 Nxb4 32.c6 Nxa2 33.c7 Nc3 {#R} 0-1

[Event "Memorial V.Syre (open)"]
[Site "masterchessopen.com – Issy Les Moulineaux (France)"]
[Date "2005.05.08"]
[Round "6"]
[White "Seeger Klaus (GER)"]
[Black "Bernard Christophe (FRA)"]
[Result "0-1"]
[WhiteElo "2125"]
[BlackElo "1694"]

1.e4 c5 2.Nf3 d6 3.d4 cxd4 4.Nxd4 Nf6 5.Nc3 Nc6 6.Be2 e5 7.Nf3 Be7 8.h3 O-O
9.Be3 a6 10.a4 h6 11.O-O Be6 12.Qc1 Nb8 13.Rd1 Nbd7 14.Nd2 Rc8 15.Ndb1 Qc7
16.Na3 Nc5 17.f3 Rfd8 18.Nab1 d5 19.exd5 Bxd5 20.Nd2 Ne6 21.Nde4 Bxe4 22.Rxd8+
Rxd8 23.fxe4 Bb4 24.Nd5 Nxd5 25.exd5 Rxd5 26.Bf3 e4 27.Be2 Qg3 28.Bf2 Bc5
29.Bxc5 Rxc5 30.Bf1 Nf4 31.Kh1 e3 32.Qe1 Qxe1 33.Rxe1 e2 {#R} 0-1